Lord of the Rings (LOTR): Who's Your Daddy? - Statistics

General Stats
  • This quiz has been taken 3,810 times
  • The average score is 9 of 18
Answer Stats
Hint Answer % Correct
Arwen, daughter of ... Elrond
92%
Boromir and Faramir, sons of ... Denethor
88%
Gimli, son of ... Gloin
88%
Aragorn, son of ... Arathorn
84%
Thorin, son of ... Thrain
70%
Legolas, son of ... Thranduil
70%
Frodo, son of .... Drogo
55%
Isildur, son of ... Elendil
51%
Samwise, son of ... Hamfast
50%
Bolg, son of ... Azog
43%
Denethor, son of ... Ecthelion
34%
Elrond, son of ... Earendil
29%
Balin, son of... Fundin
28%
Theoden, son of ... Thengel
26%
Peregrin (Pippin), son of ... Paladin
21%
Eomer and Eowyn, children of ... Eomund
20%
Bilbo, son of ... Bungo
16%
Meriadoc (Merry), son of ... Saradoc
10%
No matching quizzes found
Score Distribution
Percent of People with Each Score
Percentile by Number Answered
Your Score History
You have not taken this quiz